000 00338nam a2200133Ia 4500
008 151001s9999||||xx |||||||||||||| ||und||
100 _aविजय अग्रवाल
245 _aआज के निबंध
250 _a1
260 _bकिरण प्रकाशन
260 _c2012
300 _a355
365 _b21
999 _c999208
_d999205